<?xml version="1.0" encoding="UTF-8"?>
<marc:record xmlns:marc="http://www.loc.gov/MARC21/slim">
   <marc:leader>00000nam a2200000 a 4500</marc:leader>
   <marc:datafield ind1="1" ind2=" " tag="100">
      <marc:subfield code="a">Kränsel, Nina</marc:subfield>
      <marc:subfield code="4">aut</marc:subfield>
      <marc:subfield code="e">Verfasser/-in</marc:subfield>
   </marc:datafield>
   <marc:datafield ind1=" " ind2=" " tag="653">
      <marc:subfield code="a">Gustav Klimt / Leben und Schaffen</marc:subfield>
   </marc:datafield>
   <marc:datafield ind1=" " ind2=" " tag="653">
      <marc:subfield code="a">Kunst / Österreich</marc:subfield>
   </marc:datafield>
   <marc:datafield ind1=" " ind2=" " tag="653">
      <marc:subfield code="a">Klimt / Biografie</marc:subfield>
   </marc:datafield>
   <marc:datafield ind1=" " ind2=" " tag="653">
      <marc:subfield code="a">Jugendstil</marc:subfield>
   </marc:datafield>
   <marc:datafield ind1="0" ind2="0" tag="245">
      <marc:subfield code="a">Gustav Klimt</marc:subfield>
   </marc:datafield>
   <marc:datafield ind1="0" ind2="0" tag="245">
      <marc:subfield code="c">Nina Kränsel</marc:subfield>
   </marc:datafield>
   <marc:datafield ind1=" " ind2="1" tag="264">
      <marc:subfield code="a">München ; London ; New York</marc:subfield>
      <marc:subfield code="b">Prestel</marc:subfield>
      <marc:subfield code="c">2014</marc:subfield>
   </marc:datafield>
   <marc:datafield ind1=" " ind2=" " tag="250">
      <marc:subfield code="a">Sonderausgabe 2014</marc:subfield>
   </marc:datafield>
   <marc:datafield ind1="1" ind2=" " tag="520">
      <marc:subfield code="a">Der farbenfroh-poetische Stil des österreichischen Malers Gustav Klimt machte ihn schon zu Lebzeiten zu einem der beliebtesten Jugendstilkünstler, bis heute hat sich an der Popularität seiner Gemälde nichts geändert. Die Autorin Nina Kränsel erzählt in ihrem Buch "Gustav Klimt" die faszinierende Lebens- und Schaffensgeschichte des Künstlers. Neben einer anschaulichen Einführung in Klimts Biografie, das Wien seiner Zeit und die kunsthistorische Bedeutung seiner Bilder geht der vorliegende Band außerdem auf den Einfluss des Künstlers auf spätere Generationen und die Rolle seines Werks in heutiger Zeit ein. [Verlagsinformation]</marc:subfield>
   </marc:datafield>
   <marc:datafield ind1=" " ind2=" " tag="020">
      <marc:subfield code="a">9783791349725</marc:subfield>
      <marc:subfield code="9">9783791349725</marc:subfield>
   </marc:datafield>
   <marc:datafield ind1=" " ind2=" " tag="041">
      <marc:subfield code="a">ger</marc:subfield>
   </marc:datafield>
   <marc:datafield ind1=" " ind2=" " tag="300">
      <marc:subfield code="a">127 Seiten</marc:subfield>
   </marc:datafield>
</marc:record>
